| 000 | 01436cam a22003737a 4500 | ||
|---|---|---|---|
| 003 | CHAP | ||
| 005 | 20220329142838.0 | ||
| 008 | 040812d200| mx r 00110 spa d | ||
| 010 | _a88640 | ||
| 011 | _a89612 | ||
| 035 | _a100163 | ||
| 040 | _cCHAP | ||
| 090 | _aTesis | ||
| 100 | 0 | 0 |
_aSandoval Moriel, Angel Eduardo. _9102150 |
| 245 | 1 | 0 |
_aPerfil de un plan de negocios de exportación de mango mexicano _c/por Angel Eduardo Sandoval Moriel y Miguel Vladimir Guardado Camacho |
| 260 |
_aChapingo, Méx. : _bEl autor, _c2003. |
||
| 300 |
_a190 h. ; _bgráfs. |
||
| 502 | _aTesis (Lic. en Comercio Internacional de Productos Agropecuarios) -- UACH. División de Ciencias Económico Administrativas | ||
| 590 |
_aALEPH _b10 _c20130110 _lUCH01 _h1500 |
||
| 590 |
_aBATCH-UPD _b10 _c20130110 _lUCH01 _h0244 |
||
| 590 |
_aBATCH-UPD _b10 _c20130110 _lUCH01 _h1138 |
||
| 590 |
_aBATCH-UPD _b10 _c20130409 _lUCH01 _h2314 |
||
| 590 |
_aBATCH-UPD _b10 _c20130914 _lUCH01 _h1554 |
||
| 590 |
_aCONVERSION _b10 _c20130109 _lUCH01 _h1349 |
||
| 650 | 1 | 4 |
_aMango _xAspectos económicos. _970398 |
| 650 | 1 | 4 |
_aMango _xExportación. _970415 |
| 650 | 1 | 4 |
_aMango _xMercadeo _xMéxico. _970435 |
| 700 | 0 | 0 |
_aGuardado Camacho, Miguel Vladimir. _951012 |
| 901 | _aBK | ||
| 905 | _aMayto Villalobos Santana | ||
| 942 | _cFOLL | ||
| 949 |
_aTesis _bBC _cTES _d100163123 _eTS1 _h42320 _i100163 _sb |
||
| 949 |
_aTesis _bBC _cTES _d33724000927745 _eTS2 _fc.2 _h42321 _i100163 _si |
||
| 999 |
_c88640 _d88640 |
||